000 00737cam a2200229 a 4500
001 1201888
005 20250425174118.0
008 990415s1999 txua b 001 0 eng
020 _a0030224691
020 _a9780030224690
050 0 0 _aT58.6
_b.G63 1999
082 0 0 _a658.4/038/0285
_221
100 1 _aGordon, Judith R.
245 1 0 _aInformation systems :
_ba management approach /
_cJudith R. Gordon, Steven R. Gordon.
250 _a2nd ed.
260 _aFort Worth :
_bDryden Press,
_cc1999.
300 _axxxi, 586, [27] p. :
_bcol. ill. ;
_c27 cm.
500 _aSteven Gordon's name appears first on the earlier edition.
650 0 _aManagement information systems.
700 1 _aGordon, Steven R.
942 _2lcc
_cBK
_e2nd
_n0
999 _c1053
_d1053